Представление документа в формате RUSMARC

ПолеНазваниеЗначение
  Тип записи a
  Библиографический уровень m
001 Контрольный номер RU/УГОНБ/EK/11524
005 Дата корректировки 20220304195303.7
010 Индекс ISBN __
d Цена 24 р.
9 Тираж 500 экз.
100 Данные общей обработки __
a Данные общей обработки 19930121d1990 u u0rusy0189 ca
101 Язык документа 0_
a Язык текста rus
102 Страна публикации __
a Страна публикации RU
105 Кодированные данные (монография) __
a Кодированные данные (монография) a z 001yy
200 Заглавие и сведения об ответственности 1_
a Заглавие Высокотемпературные запыленные струи в процессах обработки порошковых материалов
f Первые сведения об ответственности М.Ф. Жуков, О.П. Солоненко
g Последующие сведения об ответственности Акад. наук СССР, Сиб. отд-ние, Ин-т теплофизики
g Последующие сведения об ответственности под ред. В.Е. Накорякова
210 Выходные данные 1_
d Дата издания 1990
a Место издания Новосибирск
c Издательство ИТФ
215 Физическое описание __
a Объем 516 с.
c Иллюстрации/тип воспроизводства ил.
d Формат 20 см
320 Библиография __
a Библиография Библиогр.: с. 456-516
606 Тематические рубрики 0_
a Основная рубрика Порошкообразные материалы
x Основная подрубрика Обработка плазменная
606 Тематические рубрики 0_
a Основная рубрика Газотермические покрытия
x Основная подрубрика Нанесение
606 Тематические рубрики 0_
a Основная рубрика Плазма (физ.) низкотемпературная
x Основная подрубрика Динамика
610 Ключевые слова 0_
a Ключевые слова плазма (физ.)
610 Ключевые слова 0_
a Ключевые слова газотермические покрытия
610 Ключевые слова 0_
a Ключевые слова материалы порошкообразные
686 Индексы других классификаций __
a Классификационный индекс 34.39
2 Код системы rubbk
700 Автор _1
a Фамилия Жуков
b Имя (инициалы) М.Ф.
g Полное личное имя Михаил Федорович
701 Альтернативная интеллектуальная ответственность _1
a Фамилия Солоненко
b Имя (инициалы) О.П.
702 Вторичная интеллектуальная ответственность _1
a Фамилия Накоряков
b Имя (инициалы) В.Е.
4 Код отношения 340
712 Наименование организации (Вторичная ответственность) 02
a Организация/ юрисдикция Академия наук СССР
4 Код отношения 570
712 Наименование организации (Вторичная ответственность) 02
a Организация/ юрисдикция Институт теплофизики
4 Код отношения 570
801 Источник записи _0
a Страна RU
b Организация Ульяновская ОНБ
c Дата составления 19930121
g Правила каталогизации PSBO
801 Источник записи _1
a Страна RU
b Организация Ульяновская ОНБ
c Дата составления 20030219
901 Тип документа __
t Тип документа m
938 Служебная информация __
a Имя БД books
b Имя библиотеки УОНБ
c Имя АИБС МАРК-SQL
d Номер DOC_ID в БД 128965